| 000 | 00801cam a2200241 a 4500 | ||
|---|---|---|---|
| 001 | 4871164 | ||
| 005 | 20180302042333.0 | ||
| 008 | 921215s1993 nyua b 001 0 eng | ||
| 010 | _a 92045682 | ||
| 020 |
_a0195084055 : _c$27.50 |
||
| 040 |
_aDLC _cDLC _dDLC |
||
| 041 | _aeng | ||
| 043 | _ae-uk-en | ||
| 080 | _a305.2309 | ||
| 082 | 0 | 0 |
_a305.2309 HAN _220 |
| 100 | 1 | _a50 | |
| 101 | _aSOC | ||
| 245 | 1 | 0 |
_aGrowing up in medieval London : _cBarbara A. Hanawalt. |
| 504 | _aIncludes bibliographical references (p. [267]-279) and index. | ||
| 906 |
_a7 _bcbc _corignew _d1 _eocip _f19 _gy-gencatlg |
||
| 942 |
_2ddc _cBK |
||
| 999 |
_c43969 _d43969 |
||